000 00355nam a2200145Ia 4500
008 240307s9999||||xx |||||||||||||| ||und||
020 _a9789388756709
082 _a615.1
_bNav/H
100 _aGarud,Navneet
245 0 _aHerbal Drug Technology
250 _a1st Edition
260 _aAgra
_bR.Narain Pub & Distributors
300 _a200p.
942 _cBK
999 _c43156
_d43156